| 000 | 01055nam a2200289 i 4500 | ||
|---|---|---|---|
| 001 | 000034670 | ||
| 003 | DO-SdBNP | ||
| 005 | 20250618130306.0 | ||
| 007 | ta | ||
| 008 | 110330t1966 dr ac 000 0bspa d | ||
| 040 |
_aDO-SdBNP _bspa _cBNPHU _erda |
||
| 082 | 4 |
_a923.17293 _bT866c _222 |
|
| 100 | 1 |
_aCrassweller, Robert D., _d1915- _954312 _eautor |
|
| 245 | 1 | 0 |
_aTrujillo : _bthe life and times of a caribbean dictator / _cRobert D. Crassweller. |
| 264 |
_aNew York : _bThe Macmillan Company, _c1966 |
||
| 300 |
_a468 páginas : _bilustraciones, mapa, retratos. ; _c22 cm. |
||
| 336 |
_2rdacontent _atexto _btxt |
||
| 337 |
_2rdamedia _asin mediación _bn |
||
| 338 |
_2rdacarrier _avolumen _bnc |
||
| 500 | _aIncluye índice onomástico. | ||
| 504 | _aBibliografía : p. 451-459. | ||
| 590 | _aInventariado, 2022/BT | ||
| 600 | 1 | 0 |
_aTrujillo Molina, Rafael Leónidas, _d 1891-1961 _976764 |
| 651 | 4 |
_aRepública Dominicana _xPolítica y gobierno _yEra de Trujillo 1930-1961 _92845 |
|
| 910 | _aValidado. Control de calidad. MMOLINA | ||
| 942 |
_2ddc _cLBS1 |
||
| 999 |
_c34161 _d34161 |
||